Music Quiz

Random Music or Song Quiz
Score 0/45 Timer 12:00
0 Plays Today
Time Song % Correct
0:48I Gotta Feeling
89.9%
0:08Smooth Criminal
89.8%
3:04Poker Face
89.4%
0:40Crazy In Love
88.7%
4:48Toxic
88.5%
0:00Beautiful
87.2%
1:20Viva La Vida
84%
1:12You're Beautiful
82.7%
1:04All The Small Things
80.5%
5:36Seven Nation Army
75.4%
2:00Take Me Out
75.3%
2:16American Idiot
73.2%
5:52In Da Club
71.8%
1:36Mercy
68.1%
3:36Can't Get You Out Of My Head
67.6%
2:48No One
66.7%
2:56Somebody Told Me
63.9%
1:44Without Me
62.6%
5:20Rock Your Body
62.3%
4:16Dani California
60.7%
2:32The Reason
60.6%
4:32Whenever, Wherever
59.8%
0:16Smile
59.4%
Time Song % Correct
4:56Love Story
56.5%
3:20Hung Up
51.2%
2:08Maneater
48.1%
3:52Supermassive Black Hole
47.3%
1:52The Pretender
43.3%
3:44Float On
39.1%
4:24Unfaithful
35.2%
4:00U+Ur Hand
33.6%
0:56Family Affair
33.2%
1:28Down With The Sickness
31.4%
3:12One Step Closer
27.8%
5:04B.Y.O.B
26.8%
3:28Makes Me Wonder
23.1%
0:24Like A Stone
21.3%
5:12Lonely No More
20.6%
4:08Go With The Flow
18.1%
2:40You Rock My World
15.5%
5:28Runaway
15.3%
0:32Incomplete
14.6%
5:44You Know I'm No Good
14%
4:40Psychosocial
13.3%
2:24Love Is Gone
4.5%
Remove Ads.
Support Sporcle.
Get the best of Sporcle when you Go Orange. This ad-free experience offers more features, more stats, and more fun while also helping to support Sporcle. Thank you for becoming a member.

You're not logged in!

Compare scores with friends on all Sporcle quizzes.
OR
Log In

Show Comments

Extras

Top Quizzes Today


Score Distribution

Your Account Isn't Verified!

In order to create a playlist on Sporcle, you need to verify the email address you used during registration. Go to your Sporcle Settings to finish the process.

Report this User

Report this user for behavior that violates our Community Guidelines.

Details: